=LDR 00000nam 2200000 4500 =001 INLIS000000000047773 =005 20160216101654.0 =006 =007 =008 =035 ##$$0010-021600000000161 =040 ##$$a NPBDMAT =082 ##$$a R. 351.720 2 =090 ##$$a R. 351.720 2 $b Lap l =245 ##$$a Laporan Pemerintah Tentang Pelaksanaan Anggaran Pendapatan dan Belanja Negara, Semester Pertama Tahun Anggaran 2007 =260 ##$$a Jakrta : $b Departemen Keuangan RI, $c 2007 =300 ##$$a 59 hlm $c 30 cm =650 ##$$a Anggaran Pendapatan dan Belanja Negara - Laporan =700 ##$$a Departemen Keuangan RI